Quizzes
Events
Quiz Creation
Community
Videos
Private Events
Remove Ads
Sign In
Join for FREE
Feedback
Dark Mode
Quiz Categories
Sports
Geography
Music
Movies
Television
Just For Fun
Miscellaneous
History
Literature
Language
Science
Gaming
Entertainment
Religion
Holiday
For Kids
Quiz Lab
Recent
Popular Today
Quiz Kudos Today
Editor Picks
Curator Picks
Quizzes by...
Day
Popularity
Type
Ratings
Length
Year
Community
Subscriptions
Recent Discussions
Orange Saloon
Badges
Playlists
Quests
Create
Leaderboards
Showdown
Live 5
Trivia Bingo
Activity
Puzzle Library
Sporcle Events
Private Events
Virtual Trivia
Globe League
Become a Host
Pub Owners
SporcleCon
Opinionation
Our Games
Videos
Blog
Mobile Apps
Partnerships
Remove Ads and Go Orange
Feedback
Music
Pop Music
The Beatles
Song
Album
Lyrics
Bands
Singers
Artist
Clip
Rock
Rap
Classical
Billboard
Country Music
Kpop
Taylor Swift
Music
Pop Music
The Beatles
Song
Album
Lyrics
Bands
Singers
Artist
Clip
Rock
Rap
Classical
Billboard
Country Music
Kpop
Taylor Swift
Random Quiz
Search Sporcle
×
Quiz Lab
Quiz Lab
Music
Term
Type in answers that appear in a list
Type in answers that appear in a list
Classic
Best Score? Go Orange.
Titles in Music and Movies Stats
Can you name the following common titles, names, and terms associated with both music and movies?
By
JohnJF
5m
18 Questions
158 Plays
158 Plays
158 Plays
Comments
Comments
Give Quiz Kudos
Give Quiz Kudos
-
- Ratings
hide this ad
More Info
Random Order
Randomize order of answers
Randomize order of answers
Replay
Link that replays current quiz
Next Quiz
Link to next quiz in quiz playlist
You Got
0%
They Got
Avg Score
37%
Avg Friend Score
Upgrade to see
Score Distribution
Jump to the score distribution portion of the page
Score
0/18
Timer
05:00
0
Plays Today
Hint
Answer
% Correct
The first film to win the Oscar for Best Picture
Wings
70.3%
Actor turned 2-
time Oscar winning director
Clint Eastwood
68.4%
Canadian equivalent to the Grammy Awards
Juno
65.8%
1970 Grateful Dead album
American Beauty
54.4%
Nickname of rock musician Gordon Sumner
(The) Sting
53.2%
1979 Cure song
Boys Don't Cry
50.6%
1962 Ben E. King song
Stand by Me
47.5%
1968 Rolling Stones song
Jumpin' Jack Flash
32.9%
A line from the 1904 song 'Yankee Doodle Boy'
Born on the Fourth of July
31.6%
Hint
Answer
% Correct
1994 Oasis album
Definitely Maybe
29.7%
1991 Metallica song
(The) Unforgiven
27.2%
1962 Beatles song
PS, I Love You
25.9%
1972 Elton John song
Rocket Man
25.3%
1978 Cars song
My Best Friend's Girl
24.7%
1960s-
1970s Steve Winwood-
led band
Traffic
24.1%
1933 Katharine Hepburn film
Morning Glory
13.3%
1996 Bill Murray film
Larger Than Life
12.7%
1968 Beatles song
Julia
9.5%
Quiz Playlist
Details
Report
Send in Message
Add To Playlist
More Info:
This is not a comprehensive list.
Classic:
Type in answers that appear in a list
Random Order:
Randomize order of answers
Last Updated: Feb 16, 2017
Quiz Scoreboard
CHALLENGE
Sign Up to Join the Scoreboard
Show All
Scores
Hide
Comments
May contain spoilers
Recently Published
One Thing in Common: World Cities II
by knightlancer
Geography
7m
Popular People in 1961
by mucciniale
History
6m
1-10 Letter E Words III
by El_Dandy
Language
2m
More to Explore
Quiz From the Vault
Featured Blog Post
Where Did the Easter Bunny Come From?
hide this ad
You Might Also Like...
Tags
common
Term
Today's Top Quizzes in Music
Browse Music
hide this ad
Today's Top Quizzes in Term
Browse Term
Top Contributed Quizzes in Music
1
Taylor Swift All Songs (2024)
2
2010s Album by Cover III
3
One Thing in Common: Music
4
Taylor Swift Logic Puzzle
5
Guess the Artist- 70s Songs
6
2010s Album by Cover IV
7
Guess the Taylor Swift song (Mystery Song)
8
2010s Album by Cover V
9
Lana Del Rey Discography (BTD to DYKTTATUOB)
10
2010s Album by Cover VI
Explore More
Trending Topics
NBA
Disney
Harry Potter
Kpop
Marvel
Crossword
Anime
NFL
Pokémon
Song
Soccer
Country
WWE
The Office
Puzzle
hide this ad
More By:
JohnJF
Quiz
Plays
Rating
Category
Featured
Created
Actors by Role
184,113
4.11
Movies
Sep 24, 2009
Actors by Role II
118,412
3.79
Movies
Oct 7, 2009
Festivus Facts
79,187
4.11
Television
Dec 23, 2009
The Godfather Facts
3,564
3.11
Movies
Oct 9, 2009
Oasis Studio Albums
1,806
3.89
Music
Oct 3, 2009
Go to Creator's Profile
Score Distribution
Quiz Creator Spotlight
JohnJF
Follow
Send a Message
Quizzes Created
-
Created Quiz Play Count
-
More By This Creator
Popular Quizzes Today
1
Find the US States - No Outlines Minefield
2
Find the Countries of Europe - No Outlines Minefield
3
The Countries of the World
4
Popular People in 1961
5
1-10 Letter E Words III
6
Find the US States
7
One Thing in Common: World Cities II
8
US States
More Music Quizzes
Slipknot or One Direction?
Editor's Pick
Trending Quizzes
Risky Map Clicking: Least Populous States A-Z
1-10 Letter F Words
1-10 Letter G Words
One Thing in Common: United Kingdom
Risky Map Clicking: Biggest States A-Z
Recently Updated
Leaping Animals
pecheneg
Reality TV Shows (A-Z)
bhenderson79
Rickey Henderson's Hall of Fame Teammates
pecheneg
Champions League XIs: Arsenal
pecheneg
Quick Pick: Celebrities in WWE's Hall of Fame
aduchscher
A-Z Keypad Blitz II
pecheneg
Multiple Oscar Actors
pecheneg
Mystery Phrase Blitz: Oscar 'Best Actors'
pecheneg
F. Scott Fitzgerald Novels
LTH
Pick 3 Villains
ddd62291
Trending Topics
Harry Potter
Crossword
Kpop
Marvel
Disney
NBA
Anime
Soccer
The Office
WWE
Country
Puzzle
Song
NFL
Pokémon
Your Account Isn't Verified!
In order to create a playlist on Sporcle, you need to verify the email address you used during registration. Go to your
Sporcle Settings
to finish the process.
Report this User
Report this user for behavior that violates our
Community Guidelines
.
Details:
Send Report
Go to the Sporcle.com Mobile Site →
Comments